الإنسان التكنولوجى : (Record no. 15721)
[ view plain ]
| 000 -الفاتح | |
|---|---|
| حقل البيانات ثابتة الطول | 00825nam a22001697a 4500 |
| 008 - عناصر البيانات ثابتة الطول - معلومات عامة | |
| حقل البيانات ثابتة الطول | 110721t1975 xxu||||g |||| 000 0 ara d |
| 082 ## - رقم تصنيف ديوى العشرى | |
| رقم الطبعة | 22 |
| رقم التصنيف | 609 |
| رقم المادة | ف ى ر |
| 100 ## - المدخل الرئيسى - إسم شخصى | |
| 9 (RLIN) | 26388 |
| الإسم الشخصى | فيركيس، فيكتور س |
| 245 ## - بيان العنوان | |
| العنوان | الإنسان التكنولوجى : |
| بيان المسئوليه,etc | تأليف فيكتور س. فيركيس؛ ترجمة زكريا إبراهيم، يوسف ميخائيل أسعد / |
| بقية العنوان | الأسطورة و الحقيقة |
| 260 ## - PUBLICATION, DISTRIBUTION, ETC. (IMPRINT) | |
| مكان الناشر او الموزع | القاهرة: |
| اسم الناشر او الموزع | مكتبة الأنجلو المصرية،1975. |
| تاريخ النشر أو التوزيع | 1975. |
| 300 ## - الوصف المادى | |
| التعداد | ،419 ص |
| أبعاد الوعاء | 24 سم. |
| 650 ## - المدخل الاضافى بالموضوع-مصطلح موضوعى | |
| 9 (RLIN) | 26390 |
| مصطلح موضوعي أو اسم جغرافي كعنصر مدخل | التكنولوجيا و الدولة |
| 650 ## - المدخل الاضافى بالموضوع-مصطلح موضوعى | |
| 9 (RLIN) | 26391 |
| مصطلح موضوعي أو اسم جغرافي كعنصر مدخل | التكنولوجيا |
| التقسيم الفرعي العام | الجوانب الأخلاقية و الدينية |
| 653 ## - مصطلح تكشيفى غير مقيد | |
| Resource For college | |
| Arrived date list | July2011 |
| 700 ## - المدخل الاضافى - اسم شخصى | |
| 9 (RLIN) | 14946 |
| الإسم الشخصى | اسعد، يوسف ميخائيل |
| العنوان والكلمات الأخرى المصاحبة للاسم | مترجم |
| 942 ## - عناصر المدخل الإضافي( كوها) | |
| مصدر التصنيف او مخطط الترفيف | Dewey Decimal Classification |
| Koha [default] item type | Book - Borrowing |
| حالة التراجع | حالة الفقد | مصدر التصنيف او خطة الترفيف | حالة تلف | ليس للاعارة | مجموعات كوها | المكان الدائم | المكان الحالي | موقع الترفيف | تاريخ الاكتساب | Source of acquisition | رقم الاستدعاء | الباركود | Date last seen | نوع الوعاء |
|---|---|---|---|---|---|---|---|---|---|---|---|---|---|---|
| Dewey Decimal Classification | Central Library | Central Library | First floor | 21/07/2011 | Purchase | 609 ف ى ر | 000024410 | 15/07/2025 | Book - Borrowing |